000 00503nam a2200181Ia 4500
005 20250508152321.0
008 008 250505s9999 xx 000 0 hin d
037 _aTextual
040 _aFEDL
_beng
_cFEDL
041 _ahin
_2eng
084 _a371.335, NAR
_qFEDL
100 _aNarendra Kumar
245 0 _aShiksha me drashya - shrvya sadhan
260 _aJaipur, India
_bNai Shiksha Prakashan
_c1958
300 _a56p
942 _cTEXL
_h371.335, NAR
999 _c1335693
_d1335693